000 00983nam2a22002411 4500
001 rc\165695
005 20250621061505.0
010 _a5-7545-0062-8
_9100000
035 _a(NLR Aleph) 005616076
090 _a6455834
_c6455834
100 _a20030307d1993 |||y0rusy50 ca
101 0 _arus
102 _aRU
105 _ay |||||||||
200 0 _aТ. 2
_f[Пер. Т. Кудрявцевой]
210 _d1993
_aБ. м.
215 _a574 с.
461 0 _1001rc\165693
_12001#$aУнесенные ветром$eРоман$e[В 2 т.$eПер. с англ.]$fМаргарет Митчелл$vТ. 2
_1700#1$aМитчелл$bМ.$gМаргарет$f1900-1949
_96455820
_aМитчелл, М. (1900-1949)
_cПетрозаводск
_d1993-
_fМаргарет Митчелл
_nКарелия
_oРоман : [В 2 т. : Пер. с англ.]
_tУнесенные ветром
_vТ. 2
801 0 _aRU
_bNLR
_gpsbo
801 1 _aRU
_bELAR
_2rusmarc
852 _aNLR
_j93-3/804
942 _cBOOK
980 _aNB